[Event "Gachantiva op 9th"]
[Site "Gachantiva"]
[Date "2019.06.22"]
[Round "3"]
[White "Beltran Cubillos, Santiago"]
[Black "Rodriguez Wilches, Fernando"]
[Result "1-0"]
[WhiteElo "1830"]
[BlackElo "1430"]
[PlyCount "88"]
[EventDate "2019.06.21"]
[EventType "swiss"]
[EventRounds "7"]
[EventCountry "COL"]
[SourceTitle "CBM 191 Extra"]
[Source "ChessBase"]
[SourceDate "2019.09.30"]
[SourceVersion "1"]
[SourceVersionDate "2019.09.30"]
[SourceQuality "1"]

1. e4 e5 2. Nf3 Nc6 3. Bb5 d6 4. d4 exd4 5. Qxd4 Bd7 6. Bxc6 Bxc6 7. 0-0 Qf6 8. Qd1 h6 9. Nc3 Ne7 10. Re1 0-0-0 11. Be3 Kb8 12. e5 Qg6 13. Nh4 Qe6 14. Qd4 Nc8 15. b4 Be7 16. b5 dxe5 17. Qa4 Be8 18. Nf3 f5 19. Nxe5 Qf6 20. Bd4 Nb6 21. Bxb6 axb6 22. Qc4 Bc5 23. Nd5 Bf7 24. Nxf6 Bxc4 25. Nfd7+ Rxd7 26. Nxd7+ Kc8 27. Nxc5 bxc5 28. a4 g6 29. Rad1 b6 30. Re7 Rd8 31. Rxd8+ Kxd8 32. Rg7 g5 33. Rh7 Be2 34. Rxh6 Bd1 35. h4 gxh4 36. Rxh4 Bxc2 37. Kf1 Bd3+ 38. Ke1 c4 39. Kd2 Bf1 40. g4 fxg4 41. Rxg4 Ke7 42. Rg7+ Kd6 43. Rg6+ Kd7 44. Kc3 Bd3 1-0

[Event "COL-ch"]
[Site "Bogota"]
[Date "2018.11.11"]
[Round "8"]
[White "Rivera Dussan, Camilo Ernesto"]
[Black "Beltran Cubillos, Santiago"]
[Result "0-1"]
[WhiteElo "1908"]
[BlackElo "1707"]
[PlyCount "58"]
[EventDate "2018.11.06"]
[EventType "swiss"]
[EventRounds "9"]
[EventCountry "COL"]
[SourceTitle "CBM 187 Extra"]
[Source "ChessBase"]
[SourceDate "2018.11.04"]
[SourceVersion "1"]
[SourceVersionDate "2018.11.04"]
[SourceQuality "1"]

1. d4 Nf6 2. Nf3 e6 3. c4 b6 4. Bg5 Bb7 5. Nc3 Bb4 6. Rc1 c5 7. dxc5 Bxc5 8. e3 Nc6 9. a3 h6 10. Bh4 a6 11. Ne4 g5 12. Nxc5 bxc5 13. Bg3 Qa5+ 14. Qd2 Qxd2+ 15. Nxd2 Ke7 16. Bd3 d6 17. Ke2 Nd7 18. f3 Nde5 19. Rhd1 Nxd3 20. Kxd3 f5 21. Nb3 e5 22. Kc3 f4 23. exf4 gxf4 24. Bh4+ Ke6 25. Rd2 Nd4 26. Na5 Bxf3 27. g3 fxg3 28. hxg3 Ne2+ 29. Kc2 Nxc1 0-1

[Event "COL-ch Amateur U1700"]
[Site "Bogota"]
[Date "2017.03.04"]
[Round "5"]
[White "Beltran Cubillos, Santiago"]
[Black "Ramirez Cepeda, Armando"]
[Result "1-0"]
[WhiteElo "1646"]
[BlackElo "1600"]
[PlyCount "47"]
[EventDate "2017.03.02"]
[EventType "swiss"]
[EventRounds "7"]
[EventCountry "COL"]
[SourceTitle "CBM 177 Extra"]
[Source "ChessBase"]
[SourceDate "2017.04.27"]
[SourceVersion "1"]
[SourceVersionDate "2017.04.27"]
[SourceQuality "1"]

1. e4 e6 2. d4 d5 3. exd5 exd5 4. Bd3 Nf6 5. Nf3 Bg4 6. 0-0 Be7 7. Bg5 Nbd7 8. Nbd2 0-0 9. Re1 Rc8 10. c3 c6 11. Qc2 Bh5 12. Bxh7+ Kh8 13. Bd3 Re8 14. Ne5 Nxe5 15. Rxe5 Ng4 16. Bxe7 Rxe7 17. Rxh5+ Kg8 18. Bf5 Nf6 19. Bxc8 Nxh5 20. Bg4 Nf6 21. Bf3 Qd7 22. Nb3 b6 23. Qd2 Qe8 24. Kf1 1-0